<?xml version="1.0" encoding="UTF-8"?>
<record
    xmlns:xsi="http://www.w3.org/2001/XMLSchema-instance"
    xsi:schemaLocation="http://www.loc.gov/MARC21/slim http://www.loc.gov/standards/marcxml/schema/MARC21slim.xsd"
    xmlns="http://www.loc.gov/MARC21/slim">

  <leader>00684nam a2200229Ia 4500</leader>
  <datafield tag="999" ind1=" " ind2=" ">
    <subfield code="c">36014</subfield>
    <subfield code="d">36014</subfield>
  </datafield>
  <controlfield tag="001">1913</controlfield>
  <controlfield tag="003">GE_BSU</controlfield>
  <controlfield tag="005">20221010114925.0</controlfield>
  <controlfield tag="008">181216s2006ru  xx |||||||||||||| ||rus||</controlfield>
  <datafield tag="020" ind1=" " ind2=" ">
    <subfield code="a">5276007497</subfield>
  </datafield>
  <datafield tag="040" ind1=" " ind2=" ">
    <subfield code="c">GE_BSU</subfield>
  </datafield>
  <datafield tag="041" ind1=" " ind2=" ">
    <subfield code="a">rus</subfield>
  </datafield>
  <datafield tag="080" ind1=" " ind2=" ">
    <subfield code="a">347.7(075.8) &#x428;-51</subfield>
  </datafield>
  <datafield tag="100" ind1=" " ind2=" ">
    <subfield code="a">&#x428;&#x435;&#x441;&#x442;&#x430;&#x43A;&#x43E;&#x432;, &#x410;.&#x412;.</subfield>
    <subfield code="9">15175</subfield>
  </datafield>
  <datafield tag="245" ind1=" " ind2=" ">
    <subfield code="a">&#x41A;&#x43E;&#x43D;&#x43A;&#x443;&#x440;&#x441;&#x43D;&#x43E;&#x435; &#x43F;&#x440;&#x430;&#x432;&#x43E; :</subfield>
    <subfield code="b">&#x423;&#x447;&#x435;&#x431;&#x43D;&#x43E;&#x435;  &#x43F;&#x43E;&#x441;&#x43E;&#x431;&#x438;&#x435;   /</subfield>
    <subfield code="c">&#x410;.&#x412;. &#x428;&#x435;&#x441;&#x442;&#x430;&#x43A;&#x43E;&#x432;,</subfield>
  </datafield>
  <datafield tag="250" ind1=" " ind2=" ">
    <subfield code="a">2-&#x435;  &#x438;&#x437;&#x434;, &#x441;&#x442;&#x435;&#x440;&#x435;&#x43E;&#x442;</subfield>
  </datafield>
  <datafield tag="264" ind1=" " ind2=" ">
    <subfield code="a">&#x41C;&#x43E;&#x441;&#x43A;&#x432;&#x430; :</subfield>
    <subfield code="b">&#x41C;&#x413;&#x418;&#x423;,</subfield>
    <subfield code="c">2006.</subfield>
  </datafield>
  <datafield tag="300" ind1=" " ind2=" ">
    <subfield code="a">456 &#x441;. </subfield>
    <subfield code="b">19 &#x441;&#x43C;.</subfield>
  </datafield>
  <datafield tag="653" ind1=" " ind2=" ">
    <subfield code="a">&#x41A;&#x43E;&#x43D;&#x43A;&#x443;&#x440;&#x441;&#x43D;&#x43E;&#x435; &#x43F;&#x440;&#x430;&#x432;&#x43E;.</subfield>
  </datafield>
  <datafield tag="653" ind1=" " ind2=" ">
    <subfield code="a">&#x10E1;&#x10D0;&#x10DB;&#x10D0;&#x10E0;&#x10D7;&#x10D0;&#x10DA;&#x10D8;</subfield>
  </datafield>
  <datafield tag="942" ind1=" " ind2=" ">
    <subfield code="c">BK</subfield>
    <subfield code="2">udc</subfield>
  </datafield>
  <datafield tag="952" ind1=" " ind2=" ">
    <subfield code="0">0</subfield>
    <subfield code="1">0</subfield>
    <subfield code="2">udc</subfield>
    <subfield code="4">0</subfield>
    <subfield code="6">34770758_&#x428;51</subfield>
    <subfield code="7">0</subfield>
    <subfield code="9">34740</subfield>
    <subfield code="a">CPL</subfield>
    <subfield code="b">CPL</subfield>
    <subfield code="c">GEN</subfield>
    <subfield code="d">2018-12-17</subfield>
    <subfield code="g">15.00</subfield>
    <subfield code="o">347.7(075.8) &#x428;-51</subfield>
    <subfield code="p">3908</subfield>
    <subfield code="r">2018-12-17</subfield>
    <subfield code="t">3908</subfield>
    <subfield code="w">2018-12-17</subfield>
    <subfield code="y">BK</subfield>
    <subfield code="z">15.00</subfield>
  </datafield>
</record>
